1054 1001 1250 1985 1815 1327 1884 1953 1597 1209 1565 1943 1443 1447 1175 1872 1504 1489 1045 1078 1674 1913 1801 1817 1639 1754 1749 1165 1226 1451 1775 1632 1196 1033 1596 1102 1518 1828 1881 1717 1670 1724 1166 1610 1501 1794 1384 1556 1547 1824 1702 1413 1941 1538 1885 1340 1725 1974 1953 1283 1645 1730 1502 1610 1876 1193 1359 1796 1847 1120 1588 1287 1525 1204 1844 1932 1564 1518 1948 1115 1562 1400 1916 1221 1530 1495 1803 1431 1041 1805 1121 1374 1397 1752 1019 1167 1176 1502 1763 BCNSPRNW ULIB Ver.6.0+V

เปลี่ยนเป็นภาษาไทย

Change to English
 แสดงรายละเอียดบรรณานุกรม
  กลับหน้าหลัก

Brief Record : Get Marc (ISO 2709) : E-mail record : QR code < ปิดหน้าต่าง
LEADER : 00000nam 2200000uu 4500
001    13399124935
003     ULIB
008    160518s2548||||th 000 0 tha d
020    9789749906200
099    ^aนว.ม111ส
100    ^aคึกฤทธิ์ ปราโมช
245    ^aสี่แผ่นดิน
260    ^a ^bนานมีบุคส์,^c2548
945    ^p695^l0^i023620
999    ^aเกษร โพธิ์สุวรรณ
รายการนี้ยังไม่มีแท็ก
คุณยังไม่ได้ล็อกอิน คุณสามารถมีกิจกรรมร่วมกับเว็บไซต์ได้ แต่ต้องล็อกอินก่อน ::
  ล็อกอิน

รายการสื่อสารสนเทศ

ลำดับที่ ประเภท เลขเรียก/บาร์โค้ด สถานที่ สถานะ
1. นวนิยาย
นวนิยาย
นว.ม111ส ฉ.1 
  Barcode: 023620
ห้องสมุดวิทยาเขตสวรรค์ประชารักษ์
►นวนิยาย
ถูกยืม กำหนดส่งวันที่ 6 มีนาคม 2567
  จอง

รายการใกล้เคียง
    ชื่อเรื่อง [สี่แผ่นดิน]

BibComment


ยังไม่เคยถูกคอมเมนท์

คอมเมนท์ทรัพยากรรายการนี้
  คอมเมนท์: สี่แผ่นดิน


 Copyright 2026. Bcnsprnw @Library